00458nam a2200193Ia 4500003000400000005001700004008004100021020001800062040000700080041001200087082001900099100001600118245003500134260002800169300002700197365001300224650001200237650001500249OSt20250709172856.0210423s2010 xx 000 0 und d a9780415774246 cAL aEnglish a070.195 bMILT aToby Miller aTelevision studies: the basics aLondonbRoutledgec2010 avi,254p.bPBc20x13cm. b906cINR aGeneral aMass Media